El Discurso religioso de la patria (primera parte) /
Sábháilte in:
| Príomhchruthaitheoir: | |
|---|---|
| Formáid: | Téacs |
| Ábhair: | |
| Clibeanna: |
Cuir clib leis
Níl clibeanna ann, Bí ar an gcéad duine le clib a chur leis an taifead seo!
|
MARC
| LEADER | 00000 a a2200000 04500 | ||
|---|---|---|---|
| 001 | 13566 | ||
| 003 | |||
| 040 | |||
| 100 | |a Tapia B., Napoleón | ||
| 245 | |a El Discurso religioso de la patria (primera parte) / |c Napoleón Tapia B. | ||
| 650 | |a RELIGION | ||
| 650 | |a PODER POLITICO | ||
| 650 | |a SOCIEDAD | ||
| 650 | |a INVESTIGACION | ||
| 650 | |a CONTROL SOCIAL | ||
| 773 | |g número 67; páginas 3-12 | ||
| 999 | |c 36131 |d 36131 | ||
